Score 0/50 Timer 15:00
0 Plays Today
Cartoon Character % Correct
ShrekPrincess Fiona
89%
Snow White and the Seven DwarvesSnow White
82.9%
Archie ComicsBetty
81.3%
The FlinstonesBetty Rubble
81.3%
TarzanJane
78.4%
CinderellaCinderella
74.1%
The Little MermaidAriel
72.8%
The FlinstonesWilma Flinstone
71.9%
MulanFa Mulan
71.3%
The SimpsonsMarge Simpson
71.2%
PocahontasPocahontas
69.5%
Family GuyLois Griffin
68.5%
AladdinPrincess Jasmine
67.4%
Beauty and the BeastBelle
67.4%
SpidermanMary Jane Watson
65.9%
Betty BoopBetty Boop
65.9%
The Pebbles and Bam-Bam ShowPebbles Flinstone (as a teenager)
63.8%
The IncrediblesElastigirl
62.5%
Who Framed Roger Rabbit?Jessica Rabbit
62.3%
He-Man and She-Ra: Princess of PowerShe-Ra
60.8%
Scooby DooDaphne
58%
Batman, the Animated SeriesCatwoman
56.2%
The SmurfsSmurfette
53.7%
X-MenStorm
51.4%
The JetsonsJudy Jetson
48.4%
Cartoon Character % Correct
FuturamaLeela
47%
Peter PanTinkerbell
43%
Teenage Mutant Ninja TurtlesApril O'Neill
42%
Jem and the HologramsJem
38.7%
SuperfriendsWonder Woman
38%
The Hunchback of Notre DameEsmeralda
35.3%
Aeon FluxAeon Flux
29.3%
Batman Animated SeriesHarley Quinn
21.7%
King of the HillLuanne
20.7%
Wacky RacesPenelope Pitstop
19.8%
SpidermanBlack Cat
18.9%
ThundercatsCheetara
18.6%
Chip 'n' Dale's Rescue RangersGadget
16.6%
Spiderman and His Amazing FriendsFirestar
15.5%
Final Fantasy XYuna
12.7%
G.I. JoeThe Baroness
11.5%
Yogi BearCindy Bear
10.7%
Tales of the Titans ComicsStarfire
10.3%
Captain PlanetGaia, Spirit of the Earth
5.7%
He-ManEvil Lyn
5.4%
Captain Caveman and the Teen AngelsTaffy
3.7%
Cool WorldHolli Would
3%
She-Ra: Princess of PowerCatra
2.9%
Looney TunesBugs Bunny (in drag)
2.1%
Jim Henson's Creature ShopDawn
1.2%
Remove Ads.
Support Sporcle.
Get the best of Sporcle when you Go Orange. This ad-free experience offers more features, more stats, and more fun while also helping to support Sporcle. Thank you for becoming a member.

You're not logged in!

Compare scores with friends on all Sporcle quizzes.
OR
Log In

Show Comments

Extras

Top Quizzes Today


Score Distribution

Your Account Isn't Verified!

In order to create a playlist on Sporcle, you need to verify the email address you used during registration. Go to your Sporcle Settings to finish the process.

Report this User

Report this user for behavior that violates our Community Guidelines.

Details: